000 00586 a2200205 4500
008 240605b mp ||||| |||| 00| 0 mon d
020 _a978-99973-1-124-5
035 _a5071
040 _aHE0623081
_bmon
_cMN-UlNLM
_dMN-UlNLM
_erda
041 _amon
042 _a8625
084 _2NNA
_a87.22
_bК.415
245 0 _aКино хүүхдийн ном
264 _aУБ.
_bМонсудар хэвлэлийн газар
_c2014
300 _a141х.
336 _2rdacontent
_atext
_btxt
337 _2rdamedia
_aunmediated
_bn
338 _2rdacarrier
_avolume
_bnc
942 _2NNA
_cBK
999 _c877435
_d877492